[Event "Sachsen-Anhalt Landesliga-B 1920"]
[Site "Sachsen Anhalt"]
[Date "2019.09.29"]
[Round "1.4"]
[White "Wilke, Frank"]
[Black "Lichey, Dustin"]
[Result "1/2-1/2"]
[WhiteElo "1821"]
[BlackElo "2019"]
[PlyCount "136"]
[EventDate "2019.09.29"]
[EventType "team-tourn"]
[EventRounds "9"]
[EventCountry "GER"]
[SourceTitle "EXT 2023"]
[Source "ChessBase"]
[SourceDate "2022.10.05"]
[SourceVersion "1"]
[SourceVersionDate "2022.10.05"]
[SourceQuality "1"]
[WhiteTeam "Zeitz Motor"]
[BlackTeam "Anhalt"]
[WhiteTeamCountry "GER"]
[BlackTeamCountry "GER"]

1. d4 Nf6 2. c4 c5 3. d5 e6 4. Nc3 exd5 5. cxd5 d6 6. e4 g6 7. Bd3 Bg7 8. Nge2 a6 9. a4 0-0 10. 0-0 Re8 11. Rb1 Nbd7 12. Bf4 Ne5 13. Bxe5 Rxe5 14. Ng3 Re8 15. f3 Bd7 16. Bc4 Rb8 17. Qd3 Qa5 18. Ra1 Qc7 19. a5 b5 20. axb6 Rxb6 21. Rxa6 Rxb2 22. Rfa1 Reb8 23. Ra8 Ne8 24. Nge2 Rxa8 25. Rxa8 Qb7 26. Ra2 Rxa2 27. Bxa2 Qa7 28. Bc4 g5 29. g4 Be5 30. Qb1 Kg7 31. Qa2 Qxa2 32. Bxa2 h5 33. gxh5 Nf6 34. Kg2 Nxh5 35. Bc4 Kg6 36. Bb5 Bxb5 37. Nxb5 Nf4+ 38. Nxf4+ Bxf4 39. Na3 f6 40. Nc4 Kh5 41. h3 Kh4 42. Nb6 Be5 43. Nc4 Kh5 44. Kf2 Kg6 45. Ke2 Bg3 46. Kf1 Kf7 47. Ke2 Ke7 48. Kd3 Kd7 49. Ne3 Kc7 50. Kc4 Kb6 51. Ng4 Be5 52. Ne3 Ka5 53. Nf5 Kb6 54. h4 gxh4 55. Nxh4 Kc7 56. Nf5 Kd7 57. Ne3 Ke7 58. Kd3 Kf7 59. Nc4 Kg6 60. Ke3 Kg5 61. Nb6 Bd4+ 62. Ke2 Kf4 63. Nc4 Be5 64. Ne3 Kg5 65. Kd3 Kf4 66. Ke2 Kg5 67. Nc4 Bf4 68. Kd3 Be5 1/2-1/2

[Event "WchT Seniors 50"]
[Site "Radebeul"]
[Date "2016.07.02"]
[Round "7.14"]
[White "Ernst, Michael"]
[Black "Wilke, Frank"]
[Result "1-0"]
[WhiteElo "2134"]
[BlackElo "1920"]
[PlyCount "63"]
[EventDate "2016.06.26"]
[EventType "team-swiss"]
[EventRounds "9"]
[EventCountry "GER"]
[SourceTitle "CBM 173 Extra"]
[Source "ChessBase"]
[SourceDate "2016.08.29"]
[SourceVersion "1"]
[SourceVersionDate "2016.08.29"]
[SourceQuality "1"]
[WhiteTeam "Austria"]
[BlackTeam "Zeitz Schachfreunde"]
[WhiteTeamCountry "AUT"]
[BlackTeamCountry "GER"]

1. d4 e6 2. Bf4 d5 3. e3 c5 4. c3 Nc6 5. Nf3 Bd6 6. Bg3 Nge7 7. Nbd2 cxd4 8. exd4 Qc7 9. Bd3 h6 10. Qe2 Bd7 11. Ne5 Nxe5 12. dxe5 Bc5 13. 0-0 a6 14. b4 Ba7 15. c4 Bc6 16. Rfc1 Qd8 17. a4 Rc8 18. c5 Bb8 19. b5 axb5 20. axb5 Bd7 21. Nb3 Ng6 22. Na5 0-0 23. Nxb7 Qg5 24. Nd6 f5 25. h4 Nxh4 26. Nxc8 Rxc8 27. Bxh4 Qxh4 28. c6 Be8 29. Ra8 Bh5 30. Qe3 d4 31. Qg3 Qd8 32. Rxb8 1-0

[Event "WchT Seniors 50"]
[Site "Radebeul"]
[Date "2016.07.01"]
[Round "6.21"]
[White "Schwieger, Wolfgang"]
[Black "Wilke, Frank"]
[Result "1-0"]
[WhiteElo "1825"]
[BlackElo "1920"]
[PlyCount "65"]
[EventDate "2016.06.26"]
[EventType "team-swiss"]
[EventRounds "9"]
[EventCountry "GER"]
[SourceTitle "CBM 173 Extra"]
[Source "ChessBase"]
[SourceDate "2016.08.29"]
[SourceVersion "1"]
[SourceVersionDate "2016.08.29"]
[SourceQuality "1"]
[WhiteTeam "Deutsche Schach Loewen"]
[BlackTeam "Zeitz Schachfreunde"]
[WhiteTeamCountry "GER"]
[BlackTeamCountry "GER"]

1. d4 e6 2. Nf3 d5 3. c4 c6 4. e3 g6 5. Nbd2 Bg7 6. Be2 Ne7 7. 0-0 0-0 8. b3 Re8 9. Bb2 Nd7 10. Qc2 f6 11. Rfe1 Nf8 12. Rad1 Bd7 13. b4 Qc7 14. Qb3 Rac8 15. Rc1 Qb8 16. a3 Kh8 17. e4 e5 18. cxd5 cxd5 19. exd5 Bh6 20. dxe5 Bxd2 21. Nxd2 Rxc1 22. Rxc1 fxe5 23. f4 Nf5 24. Nf3 Nd4 25. Nxd4 exd4 26. Bxd4+ Kg8 27. Qf3 Rxe2 28. Qxe2 Qxf4 29. Qe3 Qd6 30. Qe5 Qxe5 31. Bxe5 Ba4 32. Rc7 Nd7 33. Bd4 1-0

[Event "Leipzig VfB op 23rd"]
[Site "Leipzig"]
[Date "2016.03.19"]
[Round "7"]
[White "Bronn, Gottfried"]
[Black "Wilke, Frank"]
[Result "1/2-1/2"]
[WhiteElo "1904"]
[BlackElo "1839"]
[PlyCount "68"]
[EventDate "2016.03.15"]
[EventType "swiss"]
[EventRounds "9"]
[EventCountry "GER"]
[SourceTitle "EXT 2017"]
[Source "ChessBase"]
[SourceDate "2016.10.25"]
[SourceVersion "1"]
[SourceVersionDate "2016.10.25"]
[SourceQuality "1"]

1. d4 e6 2. g3 d5 3. Bg2 c5 4. Nf3 Nc6 5. 0-0 h6 6. c4 Nf6 7. cxd5 Nxd5 8. Nc3 Nxc3 9. bxc3 Be7 10. e3 0-0 11. Bb2 Qc7 12. Qe2 Rb8 13. dxc5 Bxc5 14. Nd4 Na5 15. Nb3 Bd7 16. Rfd1 Ba4 17. Qg4 Bxb3 18. axb3 Nxb3 19. Ra2 b6 20. Qa4 Na5 21. Rd7 Qc8 22. Rxa7 Qe8 23. Qxe8 Rfxe8 24. Rd7 Red8 25. Rxd8+ Rxd8 26. Ba3 Rd1+ 27. Bf1 Bxa3 28. Rxa3 Nc4 29. Ra8+ Kh7 30. Kg2 Na5 31. Rb8 Rc1 32. Rxb6 Rxc3 33. Ra6 Nc6 34. Be2 g6 1/2-1/2

[Event "Leipzig VfB op 23rd"]
[Site "Leipzig"]
[Date "2016.03.15"]
[Round "1"]
[White "Franke, Uwe"]
[Black "Wilke, Frank"]
[Result "1/2-1/2"]
[WhiteElo "1948"]
[BlackElo "1839"]
[PlyCount "45"]
[EventDate "2016.03.15"]
[EventType "swiss"]
[EventRounds "9"]
[EventCountry "GER"]
[SourceTitle "EXT 2017"]
[Source "ChessBase"]
[SourceDate "2016.10.25"]
[SourceVersion "1"]
[SourceVersionDate "2016.10.25"]
[SourceQuality "1"]

1. e4 e6 2. d4 d5 3. exd5 exd5 4. Bd3 g6 5. c3 Bg7 6. Ne2 Ne7 7. Ng3 Be6 8. Be3 Nd7 9. Nd2 c6 10. Qc2 Qc7 11. h3 a6 12. Ne2 c5 13. Qc1 c4 14. Bc2 f6 15. Bf4 Qc6 16. Bh2 0-0 17. Nf3 Rfe8 18. 0-0 Nf8 19. g4 h5 20. Qf4 hxg4 21. hxg4 Nh7 22. Kh1 Rf8 23. Rg1 1/2-1/2